Port Sudan New International Airport Destinations (Port Sudan, Sudan) - Statistics

General Stats
  • This quiz has been taken 40 times
    20 since last reset
  • The average score is 13 of 19
Answer Stats
Airline Destination % Correct
Badr Airlines/Ethiopian Airlines Addis Ababa
100%
Badr Airlines/Egyptair/Nile Air/Sudan Airways/Tarco Aviation Cairo
100%
Badr Airlines/flydubai/Tarco Aviation Dubai (International)
100%
Badr Airlines/Saudia/Sudan Airways/Tarco Aviation Jeddah
100%
Turkish Airlines Istanbul
95%
Badr Airlines/Tarco Aviation Riyadh
95%
Badr Airlines Abu Dhabi
90%
Nova Airways/Sudan Airways Khartoum
90%
Badr Airlines/Tarco Aviation Doha
85%
Badr Airlines/Tarco Aviation Muscat
80%
Badr Airlines Juba
70%
Afriqiyah Airways Tripoli (Mitiga)
70%
Tarco Aviation Dammam
60%
Traco Aviation Kuwait City
60%
Tarco Aviation Asmara
55%
Tarco Aviation Sharjah
45%
Tarco Aviation Entebbe
15%
Tarco Aviation Kassala
10%
Tarco Aviation Dongola
0%
No matching quizzes found
Score Distribution
Percent of People with Each Score
Percentile by Number Answered
Your Score History
You have not taken this quiz since the last reset